Hotelierstvo ubytovacie zariadenia a ich služby

Guardado en:
Detalles Bibliográficos
Autor principal: Novacká, Ľudmila, 1953-
Formato: Libro
Lenguaje:eslovaco
Publicado: Bratislava SOFA 1994
Edición:2. dopl. vyd.
Colección:Edícia pre ekonomické a hospodárske poradenstvo
Materias:
Etiquetas: Agregar Etiqueta
Sin Etiquetas, Sea el primero en etiquetar este registro!

MARC

LEADER 00000nam a2200000 4500
001 c009397
005 20221214074346.6
020 |a 80-85752-18-2 
041 0 |a slo 
044 |a SK 
245 1 0 |a Hotelierstvo  |b ubytovacie zariadenia a ich služby  |c Ľudmila Novacká 
250 |a 2. dopl. vyd. 
264 1 |a Bratislava  |b SOFA  |c 1994 
300 |a 130 s. 
490 1 |a Edícia pre ekonomické a hospodárske poradenstvo 
830 0 |a Edícia pre ekonomické a hospodárske poradenstvo 
610 2 0 |a ruch cestovný 
610 2 0 |a ubytovanie 
610 2 0 |a hotelierstvo 
610 2 0 |a hotely 
610 2 0 |a zariadenia rekreačné 
610 2 0 |a styk platobný 
610 2 0 |a financovanie podnikov 
100 1 |a Novacká, Ľudmila, 1953-